000 00772nam a2200253Ia 4500
003 OSt
005 20221005072642.0
006 a|||||r|||| 00| 0
007 ta
008 221004b |||||||| |||| 00| 0 urd d
020 _a9789389002171 (pbk)
_cINR 75.00
024 _a65825
037 _b2375, 19/02/2020, M.R.Publications
_cTextual
040 _aCRL
_cCRL
_burd
041 _2urd
_aurd
082 _aO168,3NPR1x, Q9
100 _aPrakash Surendra Au.
_9607360
245 0 _aBijuka
260 _aNew Delhi
_bEducational publishing house India
_c2019
300 _a68p.
_ccm.
650 _aURDU FICTION
_93298
942 _hO168,3NPR1x, Q9
_cTEXL
_2cc
999 _c979811
_d979811